| 000 | 00325nam a22001217a 4500 | ||
|---|---|---|---|
| 008 | 230629b xxu||||| |||| 00| 0 eng d | ||
| 082 |
_a333.736 _bODU |
||
| 100 | _cD.C. Edwards Bsc | ||
| 245 | _aReport on the Grazing Areas of the Northern Frontier Distict of Kenya | ||
| 260 |
_aKenya _bGOK |
||
| 300 | _a52p | ||
| 942 |
_2ddc _cBK |
||
| 999 |
_c2960 _d2960 |
||